| 000 | 01121nam a2200289 i 4500 | ||
|---|---|---|---|
| 003 | EG-GICUC | ||
| 005 | 20260422114743.0 | ||
| 008 | 260422s1908 ua |||fr|||| 00| 0 eng d | ||
| 040 |
_aEG-GiCUC _beng _cEG-GiCUC _dEG-GiCUC _erda |
||
| 041 | _aeng | ||
| 082 | 0 | 4 |
_221 _a343.3 _bCO |
| 092 | 0 | 4 | _221 |
| 099 | _aLaw1 10 343.3 CO 1908 | ||
| 110 | 1 |
_aEgypt. _kLaws, statutes, etc. |
|
| 245 | 1 | 4 |
_aThe code of criminal procedure of the Egyptian Native tribunals : _bas amended by Law no. 6 of 1905. The law constituting Markaz tribunals (Law no. 8 of 1904) as amended by Law no. 9 of 1906 and Law no. 6 of 1907) and the law constituting Courts of assize (Law no. 4 of 1905). (Translation). |
| 264 | 1 |
_aCairo : _bNational printing department, _c1908. |
|
| 300 |
_a91 pages ; _c22 cm |
||
| 336 |
_2rda content _atext |
||
| 337 |
_2rda media _aComputer |
||
| 338 |
_2rda carrier _aOnline Resource |
||
| 504 | _aBibliography: pages 200-250. | ||
| 650 | 1 | 4 |
_aCriminal procedure _zEgypt. _2qrmak |
| 651 | 1 | _2qrmak | |
| 856 | 4 | 0 | _uhttps://fll.law.cu.edu.eg/fulltext/bks/B10-11478.pdf |
| 905 | _a161 | ||
| 942 |
_2ddc _cBK _e21 _n0 |
||
| 999 |
_c72807 _d72807 |
||